| 000 | 005220000a22001930004500 | ||
|---|---|---|---|
| 003 | LK-CoMWRAF | ||
| 005 | 20231023212000.0 | ||
| 008 | 230817t ||||| |||| 00| 0 eng d | ||
| 040 |
_aLK-CoMWRAF _dLK-CoMWRAF _eLK-CoMWRAF |
||
| 041 | _aeng | ||
| 082 |
_a297.082 _bIQB |
||
| 100 | _aIqbal, Safia | ||
| 245 |
_aLeadership of woman : _bIn the light of Qur'an and sunnah |
||
| 260 |
_aLahore : _bIslamic publications, _c1990 |
||
| 300 | _a43p | ||
| 650 | _aWomen & Islam | ||
| 650 | _aIslam--Women--Leadership | ||
| 942 | _cBK | ||
| 999 |
_c203 _d203 |
||